Corporate Chanakya (Record no. 39736)

MARC details
000 -LEADER
fixed length control field 00431nam a2200181Ia 4500
008 - FIXED-LENGTH DATA ELEMENTS--GENERAL INFORMATION
fixed length control field 220531s9999 xx 000 0 und d
041 ## - LANGUAGE CODE
Language code of text/sound track or separate title eng
082 ## - DEWEY DECIMAL CLASSIFICATION NUMBER
Item number PIL
100 ## - MAIN ENTRY--PERSONAL NAME
Personal name Pillai, R.
9 (RLIN) 71009
245 ## - TITLE STATEMENT
Title Corporate Chanakya
250 ## - EDITION STATEMENT
Edition statement 1ST
260 ## - PUBLICATION, DISTRIBUTION, ETC. (IMPRINT)
Place of publication, distribution, etc. Mumbai
Name of publisher, distributor, etc. Jaico Publication House
Date of publication, distribution, etc. 2012
300 ## - PHYSICAL DESCRIPTION
Extent 317
542 ## - INFORMATION RELATING TO COPYRIGHT STATUS
Copyright holder 27-03-2015
650 ## - SUBJECT ADDED ENTRY--TOPICAL TERM
Topical term or geographic name as entry element Management
9 (RLIN) 71010
906 ## - LOCAL DATA ELEMENT F, LDF (RLIN)
d 2014-2015
f 6286
Holdings
Withdrawn status Lost status Source of classification or shelving scheme Damaged status Not for loan Collection code Home library Current library Date acquired Vendor Cost, normal purchase price Total Checkouts Total Holds Full call number Barcode Date last seen Bill Date Koha item type Original Barcode
    Dewey Decimal Classification       Shri Siddhivinayak Mahila Mahavidyalaya Shri Siddhivinayak Mahila Mahavidyalaya 27/03/2015 S.S. Ganu 295.00   1 /PIL/B/25265 SSMM-BK-25265 06/08/2022 06/08/2022 Books 010025265